000 00624nam a22002057a 4500
001 5674
003 FISKH
005 20250113094918.0
008 250113b cb ||||| |||| 00| 0 eng d
040 _aFISKH
_beng
_cFISKH
_dFISKH
082 _a372.357
100 _aMallinson, George G.
245 _aScience understanding your environment /
_cby George G. Mallinson
260 _aMorristown, New Jersey :
_bSilver Burdett Company ;
_c1978.
300 _a176 pages :
_billustrations ;
_c25 cm .
650 _aphotographs
_vnon-fiction
700 _aMallinson, Jacqueline B.
_eauthor
942 _2ddc
_cBK
_n0
999 _c5674
_d5674